书目信息 |
| 题名: |
管道的故事
|
|
| 作者: | 哈吉斯 著 ;赖伟雄 译 | |
| 分册: | ||
| 出版信息: | 成都 四川人民出版社 2014 |
|
| 页数: | 122页 | |
| 开本: | 22cm | |
| 丛书名: | ||
| 单 册: | ||
| 中图分类: | F063.4 | |
| 科图分类: | ||
| 主题词: | 家庭经济学--Jia Ting Jing Ji Xue--通俗读物 | |
| 电子资源: | ||
| ISBN: | 978-7-220-09117-9 | |
| 000 | 00993nam0 22002771 450 | |
| 001 | 0101082517 | |
| 005 | 20161201105916.26 | |
| 010 | @a978-7-220-09117-9@dCNY24.00 | |
| 100 | @a20140630d2014 em y0chiy50 ea | |
| 101 | 1 | @achi@ceng |
| 102 | @aCN@b510000 | |
| 105 | @aa z 000yy | |
| 106 | @ar | |
| 200 | 1 | @a管道的故事@AGuan Dao De Gu Shi@dThe parable of the pipeline@f(美)贝克·哈吉斯著@g赖伟雄译@zeng |
| 210 | @a成都@c四川人民出版社@d2014 | |
| 215 | @a122页@c图@d22cm | |
| 300 | @a贝克·哈吉斯经典作品 | |
| 330 | @a本书是一本关于如何建立投资管道的理财类图书,告诉你,为什么要建造管道,以及如何建造管道,让你彻底摆脱“提桶人”的命运,实现真正的财务自由。 | |
| 500 | 10 | @a管道的故事 |
| 510 | 1 | @aParable of the pipeline@zeng |
| 606 | 0 | @a家庭经济学@AJia Ting Jing Ji Xue@j通俗读物 |
| 690 | @aF063.4@v5 | |
| 701 | 0 | @c(美)@a哈吉斯@AHa Ji Si@c(Hedges, Burke)@4著 |
| 702 | 0 | @a赖伟雄@ALai Wei Xiong@4译 |
| 801 | 0 | @aCN@bTANGWEI@c20161128 |
| 905 | @b0952092-6@dF063.4@e146@f5 | |
| 管道的故事=The parable of the pipeline/(美)贝克·哈吉斯著/赖伟雄译.-成都:四川人民出版社,2014 |
| 122页:图;22cm |
| 贝克·哈吉斯经典作品 |
| ISBN 978-7-220-09117-9:CNY24.00 |
| 本书是一本关于如何建立投资管道的理财类图书,告诉你,为什么要建造管道,以及如何建造管道,让你彻底摆脱“提桶人”的命运,实现真正的财务自由。 |
| ● |
| 相关链接 |
|
|
|
|
正题名:管道的故事
索取号:F063.4/146
 
预约/预借
| 序号 | 登录号 | 条形码 | 馆藏地/架位号 | 状态 | 备注 |
| 1 | 0952092 | 209520927 | 第一样本阅览室/ [索取号:F063.4/146] | 在馆 | |
| 2 | 0952093 | 209520936 | 密集书库-海洋学院/ [索取号:F063.4/146] | 在馆 | |
| 3 | 0952094 | 209520945 | 第一借阅区/ [索取号:F063.4/146] | 在馆 | |
| 4 | 0952095 | 209520954 | 第一借阅区/ [索取号:F063.4/146] | 在馆 | |
| 5 | 0952096 | 209520963 | 第一借阅区/ [索取号:F063.4/146] | 在馆 |